000 00223 a2200097 4500
001 14132
100 _aPartridge Eric
245 _aThe concise usage abusage
260 _aLondon
_bHamish Hamilton
_c
090 _c11076
_d11076
942 _aNUST-CAE
_cM
_c1199
999 _c249205
_d249205